"Eltern fragen Eltern" (ElfE²): Vom Modellprojekt zum Transfer in die Fläche
| Titel: | "Eltern fragen Eltern" (ElfE²): Vom Modellprojekt zum Transfer in die Fläche : Zwischenbericht/Bericht zur Projektverlängerung 2022 : Laufzeit des Vorhabens; 01.02.2018-31.12.2022 : Berichtszeitraum: 01.01.2022-31.12.2022 / Zuwendungsempfänger: Alice-Salomon-Hochschule Berlin ; Autoren: Prof. Dr. Bär, Gesine; Dr. Schaefer, Ina |
|---|---|
| Verfasser: | ; |
| Körperschaft: | |
| Ausgabe: | Stand: 16.06.2023 |
| Veröffentlicht: | Berlin : Alice Salomon Hochschule Berlin, 2023 |
| Umfang: | 1 Online-Ressource (15 Seiten, 432,67 KB) |
| Format: | E-Book |
| Sprache: | Deutsch |
X
alg: 52196798 001A $06055:07-10-24 001B $01999:07-10-24 $t23:44:52.000 001D $06055:07-10-24 001U $0utf8 001X $00 002@ $0Oax 002C $aText $btxt $2rdacontent 002D $aComputermedien $bc $2rdamedia 002E $aOnline-Ressource $bcr $2rdacarrier 003@ $0521967988 004P $010.2314/KXP:1891417452 $S0 007A $0104445955 $aKEP 007I $0TIBFOBE-1891417452 009Q $S0 $uhttps://edocs.tib.eu/files/e01fb24/1891417452.pdf $xH 009Q $S0 $uhttps://doi.org/10.2314/KXP:1891417452 $xR 010@ $ager 011@ $a2023 011@ $n16.06.2023 013D $RBericht $#Technical reports $#Rapports techniques $#Rapporti tecnici $#Informes técnicos $#Forschungsbericht $74155043-2 $8Forschungsbericht [Ts1] $9085657247 017B $aZDB-296-TTN 021A $a"Eltern fragen Eltern" (ElfE²): Vom Modellprojekt zum Transfer in die Fläche $dZwischenbericht/Bericht zur Projektverlängerung 2022 : Laufzeit des Vorhabens; 01.02.2018-31.12.2022 : Berichtszeitraum: 01.01.2022-31.12.2022 $hZuwendungsempfänger: Alice-Salomon-Hochschule Berlin ; Autoren: Prof. Dr. Bär, Gesine; Dr. Schaefer, Ina 028A $BVerfasser $4aut $7123356946 $8Bär, Gesine [Tp1] $9154297259 028C $aSchaefer $BVerfasser $dIna $4aut 029F $BHerausgebendes Organ $RAlice-Salomon-Fachhochschule für Sozialarbeit und Sozialpädagogik $#Salomon Hochschule Berlin $#Alice-Salomon-Hochschule Berlin $#ASH $#Alice Salomon Hochschule $#Alice-Salomon-Hochschule $#Alice Salomon University of Applied Sciences $#Alice Salomon University of Applied Sciences Berlin $#Salomon University of Applied Sciences $#Salomon University of Applied Sciences Berlin $#ASH Berlin $#Alice Salomon Hochschule Berlin University of Applied Sciences $4isb $710199430-8 $8Alice Salomon Hochschule Berlin [Tb1] $9197646654 032@ $aStand: 16.06.2023 033A $pBerlin $nAlice Salomon Hochschule Berlin 033E $pHannover $nTechnische Informationsbibliothek (TIB) 034D $a1 Online-Ressource (15 Seiten, 432,67 KB) 037A $aUnterschiede zwischen dem gedruckten Dokument und der elektronischen Ressource können nicht ausgeschlossen werden 046X $aArchivierung/Langzeitarchivierung gewährleistet $5DE-89 $xXA-DE-NI lok: 52196798 3 exp: 52196798 3 1 #EPN 201B/01 $007-10-24 $t23:10:05.404 201C/01 $007-10-24 201U/01 $0utf8 203@/01 $01276452055 204P/01 $010.2314/KXP:1891417452 $S0 208@/01 $a07-10-24 $bl lok: 52196798 5 exp: 52196798 5 1 #EPN 201B/01 $007-10-24 $t23:44:52.000 201C/01 $007-10-24 201U/01 $0utf8 203@/01 $01276452063 204P/01 $010.2314/KXP:1891417452 $S0 208@/01 $a07-10-24 $bl lok: 52196798 8 exp: 52196798 8 1 #EPN 201B/01 $007-10-24 $t23:10:05.410 201C/01 $007-10-24 201U/01 $0utf8 203@/01 $01276452071 204P/01 $010.2314/KXP:1891417452 $S0 208@/01 $a07-10-24 $bl lok: 52196798 10 exp: 52196798 10 1 #EPN 201B/01 $007-10-24 $t23:10:05.412 201C/01 $007-10-24 201U/01 $0utf8 203@/01 $0127645208X 204P/01 $010.2314/KXP:1891417452 $S0 208@/01 $a07-10-24 $bl lok: 52196798 21 exp: 52196798 21 1 #EPN 201B/01 $007-10-24 $t23:10:05.415 201C/01 $007-10-24 201U/01 $0utf8 203@/01 $01276452098 204P/01 $010.2314/KXP:1891417452 $S0 208@/01 $a07-10-24 $bl lok: 52196798 23 exp: 52196798 23 1 #EPN 201B/01 $007-10-24 $t23:10:05.417 201C/01 $007-10-24 201U/01 $0utf8 203@/01 $01276452101 204P/01 $010.2314/KXP:1891417452 $S0 208@/01 $a07-10-24 $bl lok: 52196798 25 exp: 52196798 25 1 #EPN 201B/01 $007-10-24 $t23:10:05.420 201C/01 $007-10-24 201U/01 $0utf8 203@/01 $0127645211X 204P/01 $010.2314/KXP:1891417452 $S0 208@/01 $a07-10-24 $bl lok: 52196798 204 exp: 52196798 204 1 #EPN 201B/01 $007-10-24 $t23:10:05.423 201C/01 $007-10-24 201U/01 $0utf8 203@/01 $01276452128 204P/01 $010.2314/KXP:1891417452 $S0 208@/01 $a07-10-24 $bl lok: 52196798 205 exp: 52196798 205 1 #EPN 201B/01 $007-10-24 $t23:10:05.426 201C/01 $007-10-24 201U/01 $0utf8 203@/01 $01276452136 204P/01 $010.2314/KXP:1891417452 $S0 208@/01 $a07-10-24 $bl
| LEADER | 00000cam a22000002c 4500 | ||
|---|---|---|---|
| 001 | 521967988 | ||
| 003 | DE-603 | ||
| 005 | 20241007234452.0 | ||
| 007 | cr|||||||||||| | ||
| 008 | 241007s2023 xx |||| o| u00||u|ger c | ||
| 024 | 7 | |a 10.2314/KXP:1891417452 |2 doi | |
| 035 | |a (DE-599)KEP104445955 | ||
| 040 | |a DE-603 |b ger |c DE-603 |d DE-603 | ||
| 041 | |a ger | ||
| 100 | 1 | |a Bär, Gesine |e Verfasser |4 aut |0 (DE-603)154297259 |0 (DE-588)123356946 |2 gnd | |
| 245 | 0 | 0 | |a "Eltern fragen Eltern" (ElfE²): Vom Modellprojekt zum Transfer in die Fläche |b Zwischenbericht/Bericht zur Projektverlängerung 2022 : Laufzeit des Vorhabens; 01.02.2018-31.12.2022 : Berichtszeitraum: 01.01.2022-31.12.2022 |c Zuwendungsempfänger: Alice-Salomon-Hochschule Berlin ; Autoren: Prof. Dr. Bär, Gesine; Dr. Schaefer, Ina |
| 250 | |a Stand: 16.06.2023 | ||
| 264 | 1 | |a Berlin |b Alice Salomon Hochschule Berlin |c 2023 | |
| 264 | 2 | |a Hannover |b Technische Informationsbibliothek (TIB) | |
| 300 | |a 1 Online-Ressource (15 Seiten, 432,67 KB) | ||
| 336 | |a Text |b txt |2 rdacontent | ||
| 337 | |a Computermedien |b c |2 rdamedia | ||
| 338 | |a Online-Ressource |b cr |2 rdacarrier | ||
| 500 | |a Unterschiede zwischen dem gedruckten Dokument und der elektronischen Ressource können nicht ausgeschlossen werden | ||
| 655 | 7 | |a Forschungsbericht |2 gnd-content |0 (DE-588)4155043-2 |0 (DE-603)085657247 | |
| 700 | 1 | |a Schaefer, Ina |e Verfasser |4 aut | |
| 710 | 2 | |a Alice Salomon Hochschule Berlin |e Herausgebendes Organ |4 isb |0 (DE-603)197646654 |0 (DE-588)10199430-8 |2 gnd | |
| 856 | |u https://edocs.tib.eu/files/e01fb24/1891417452.pdf |x Verlag |z kostenfrei | ||
| 856 | |u https://doi.org/10.2314/KXP:1891417452 |x Resolving-System |z kostenfrei | ||
| 912 | |a ZDB-296-TTN | ||
| 924 | 1 | |9 603 |a (DE-603)1276452055 |b DE-603 |c HES |d d | |
| 924 | 1 | |9 603 |a (DE-603)1276452063 |b DE-603 |c HES |d d | |
| 924 | 1 | |9 603 |a (DE-603)1276452071 |b DE-603 |c HES |d d | |
| 924 | 1 | |9 603 |a (DE-603)127645208X |b DE-603 |c HES |d d | |
| 924 | 1 | |9 603 |a (DE-603)1276452098 |b DE-603 |c HES |d d | |
| 924 | 1 | |9 603 |a (DE-603)1276452101 |b DE-603 |c HES |d d | |
| 924 | 1 | |9 603 |a (DE-603)127645211X |b DE-603 |c HES |d d | |
| 924 | 1 | |9 603 |a (DE-603)1276452128 |b DE-603 |c HES |d d | |
| 924 | 1 | |9 603 |a (DE-603)1276452136 |b DE-603 |c HES |d d | |